THE UNITED STATES IN WORLD AFFAIRS 1957 (Record no. 29273)
[ view plain ]
| 000 -LEADER | |
|---|---|
| fixed length control field | 00285nam a22001217a 4500 |
| 003 - CONTROL NUMBER IDENTIFIER | |
| control field | SGT |
| 082 ## - DEWEY DECIMAL CLASSIFICATION NUMBER | |
| Classification number | 820 |
| Item number | T58S |
| 100 ## - MAIN ENTRY--PERSONAL NAME | |
| Personal name | STEBBINS, RICHARD P. |
| 245 ## - TITLE STATEMENT | |
| Title | THE UNITED STATES IN WORLD AFFAIRS 1957 |
| 260 ## - PUBLICATION, DISTRIBUTION, ETC. (IMPRINT) | |
| Name of publisher, distributor, etc | COUNCIL ON FOREIGN RELATIONS |
| Year of Publication | 1958 |
| 300 ## - PAGE DESCRIPTION | |
| No. of Pages | 411 |
| 942 ## - ADDED ENTRY ELEMENTS (KOHA) | |
| Source of classification or shelving scheme | Dewey Decimal Classification |
| Koha item type | Books |
| Withdrawn status | Lost status | Source of classification or shelving scheme | Damaged status | Not for loan | Home library | Current library | Shelving location | Date acquired | SGTU | Total Checkouts | Full call number | Accession No. (Barcode) | Date last seen | Bill Date | Koha item type |
|---|---|---|---|---|---|---|---|---|---|---|---|---|---|---|---|
| Dewey Decimal Classification | Not For Loan | SGT Chancellor's Library | SGT Chancellor's Library | Reference Book | 23/01/2025 | SGTU | 820 T58S | CH1925 | 23/01/2025 | 23/01/2025 | Books |